Normal view
MARC view
- Bresson Robert
Entry Personal Name
001 - CONTROL NUMBER
- control field: 50288
003 - CONTROL NUMBER IDENTIFIER
- control field: IT-RoPau
005 - DATE AND TIME OF LATEST TRANSACTION
- control field: 20151202111635.0
008 - FIXED-LENGTH DATA ELEMENTS
- fixed length control field: 151202|| aca||aabn | a|a d
040 ## - CATALOGING SOURCE
- Original cataloging agency: IT-RoPau
- Transcribing agency: IT-RoPau
100 ## - HEADING--PERSONAL NAME
- Personal name: Bresson Robert
- Miscellaneous information: Codice regista SPICS: 8815
670 ## - SOURCE DATA FOUND
- Source citation: Work cat.: (IT-RoPau)107081: Bresson Robert Codice regista SPICS: 8815, AU HASARD BALTHAZAR AU HASARD BALTHAZAR (Rif. Codice opera principale : H5220)